| 000 | 00598nam a2200229Ia 4500 | ||
|---|---|---|---|
| 003 | OSt | ||
| 005 | 20221005090238.0 | ||
| 006 | a|||||r|||| 00| 0 | ||
| 007 | ta | ||
| 008 | 221004b |||||||| |||| 00| 0 eng d | ||
| 024 | _a103448 | ||
| 037 | _cTextual | ||
| 040 |
_aCRL _cCRL _beng |
||
| 041 |
_2eng _aeng |
||
| 082 | _aC:(B28), K6 | ||
| 100 |
_aWannier Gregory H. _9615026 |
||
| 245 | 0 | _aStatistical physics | |
| 260 |
_aNew York _bJohn Wiley and Sons USA _c1966 |
||
| 300 |
_a532p. _ccm. |
||
| 942 |
_hC:(B28), K6 _cTEXL _2cc |
||
| 999 |
_c995419 _d995419 |
||